• 首页
  • 本馆介绍
  • 公告通知
  • 最新文献
  • 馆藏检索
  • 电子资源
  • 读者导购
  • 参考咨询
  • 我的图书馆
  • 登录
  • 详细信息显示
  • 放入我的书架
  • 预约/预借图书
  • 作者相关作品
  • 分类相关作品
  • 丛书相关作品
  • 出版社相关作品

书目信息

  • 表格格式
  • 工作单格式
  • 卡片格式
题名:
邮政机械基础知识
    
 
作者: 《邮政机械基础知识》编写组编
分册: 上册  
出版信息: 北京   人民邮电出版社  1979
页数: 334页
开本: 26cm
丛书名:
单 册:
中图分类: TH691 , TH11
科图分类:
主题词: 邮政机械--基本知识 , 机械学
电子资源:
ISBN:
000 00633nam0 2200241 45
001 0179005474
005 20061123151941.78
010    @dCNY1.70
091    @a15045.总2259-邮104
100    @a19950731d1979 em y0chiy0121 ea
101 0  @achi
102    @aCN@b110000
105    @ay z 000yy
106    @ar
200 10 @a邮政机械基础知识@Ayou zheng ji xie ji chu zhi shi@h上册@f《邮政机械基础知识》编写组编
210    @a北京@c人民邮电出版社@d1979
215    @a334页@d26cm
606    @a邮政机械@x基本知识
606 0  @a机械学
690    @aTH691@v3
690    @aTH11
801  0 @aCN@bNLC@c20061123
905    @f1@b14648@dTH11@e5:1
    
    邮政机械基础知识.上册/《邮政机械基础知识》编写组编.-北京:人民邮电出版社,1979
    334页;26cm
    
    
    ISBN :CNY1.70
    
●
相关链接 在E读中查询图书 在五车中查询图书 在当当中查询图书 在豆瓣中查询图书


正题名:邮政机械基础知识     索取号:TH11/5:1         预约/预借

序号 登录号 条形码 馆藏地/架位号 状态 备注
1 0014648   001364053   第三借阅区/ [索取号:TH11/5:1] 在馆    
2 0014649   001364017   第二样本阅览室/ [索取号:TH11/5:1] 在馆    
唐山师范学院图书馆 欢迎您!
大连网信软件有限公司© 版权所有